Normativa, fundamentos y aplicación del modelo de valuación (Registro nro. 2019)

Detalles MARC
000 -LEADER
fixed length control field 00980 a2200217 4500
001 - CONTROL NUMBER
control field 30094
005 - DATE AND TIME OF LATEST TRANSACTION
control field 20260407155612.0
008 - FIXED-LENGTH DATA ELEMENTS--GENERAL INFORMATION
fixed length control field 260407a1994 arg spa d
003 - CONTROL NUMBER IDENTIFIER
control field AR-UNSa-BCEJYS
040 ## - CATALOGING SOURCE
Original cataloging agency AR-UNSa-BCEJYS
Language of cataloging spa
Transcribing agency AR-UNSa-BCEJYS
080 ## - UNIVERSAL DECIMAL CLASSIFICATION NUMBER
Universal Decimal Classification number 657(083)
Common auxiliary subdivision Resoluciones Técnicas Contables. Informes
020 ## - INTERNATIONAL STANDARD BOOK NUMBER
International Standard Book Number 950-866-006-6
041 ## - LANGUAGE CODE
Language code of text/sound track or separate title spa
100 1# - MAIN ENTRY--PERSONAL NAME
Personal name Senderovich, Pablo David
245 10 - TITLE STATEMENT
Title Normativa, fundamentos y aplicación del modelo de valuación
Name of part/section of a work nivel intermedio y superior
264 #1 - PRODUCTION, PUBLICATION, DISTRIBUTION, MANUFACTURE, AND COPYRIGHT NOTICE
Place of production, publication, distribution, manufacture Buenos Aires :
Name of producer, publisher, distributor, manufacturer Reisa
Date of production, publication, distribution, manufacture, or copyright notice 1994
300 ## - PHYSICAL DESCRIPTION
Extent 81 p.
Dimensions 28 cm.
505 ## - FORMATTED CONTENTS NOTE
Formatted contents note 1. Aspectos especiales - 2. Contingencias, hechos posteriores y AREA - 3. Caja y bancos, colocaciones de fondos, prestamos, creditos y pasivos( en moneda argentina) - 4. Prestamos, creditos y pasivos no cancelables en moneda - 5. Bienes de cambio en general - 6. Bienes de uso e inversiones en bienes de naturaleza similar.
590 ## - LOCAL NOTE (RLIN)
Local note niveau_biblio:m niveau_hierar:0
942 ## - ADDED ENTRY ELEMENTS (KOHA)
Koha item type
Existencias
Withdrawn status Lost status Damaged status Not for loan Home library Current library Shelving location Date acquired Total checkouts Full call number Barcode Date last seen Price effective from Koha item type
        Biblioteca Prof. Eusebio Cleto del Rey Biblioteca Prof. Eusebio Cleto del Rey   07/04/2026   657(083) S474i Res10 L69756 07/04/2026 07/04/2026 Libro
        Biblioteca Prof. Eusebio Cleto del Rey Biblioteca Prof. Eusebio Cleto del Rey   07/04/2026   657(083) S474i Res10 L69754 07/04/2026 07/04/2026 Libro
        Biblioteca Prof. Eusebio Cleto del Rey Biblioteca Prof. Eusebio Cleto del Rey   07/04/2026   657(083) S474i Res10 L69755 07/04/2026 07/04/2026 Libro
        Biblioteca Prof. Eusebio Cleto del Rey Biblioteca Prof. Eusebio Cleto del Rey   07/04/2026   657(083) S474i Res10 L69758 07/04/2026 07/04/2026 Libro
        Biblioteca Prof. Eusebio Cleto del Rey Biblioteca Prof. Eusebio Cleto del Rey   07/04/2026   657(083) S474i Res10 L69757 07/04/2026 07/04/2026 Libro